000 00324 a2200109 4500
001 ART_50481
005 20260410161632.0
008 260409a
245 1 0 _aAnálisis de estados contables en contextos de inflación
100 1 _aGarcía, Fernando G.
773 0 _tEnfoques
_g- N°12 (dic. 2019)
_wREV416
999 _c12515
_d12515